000 00789nam a22002297a 4500
005 20230919172212.0
010 _aENG-138183
020 _a9788194878780
_c820.00
035 _aEN-121715
037 _bDBAD/PUB
082 _a511.1
_2First 2022
100 _aPatra, P Santosh
_957007
245 _aDiscreate Mathematics/
_cBy P Santosh Patra...[et.al]
250 _aFirst 2022
260 _aHyderabad
_bSpectrum Publications
_c2022
270 _bHyderabad
_a326/C, Level -1 Near B K Guda Park, S R Nagar
_e500038
_k+914023710657
_k+91238000657
_l+914023810657
300 _axvi,472p.
_c24cm(hbk)
_bIndex
700 _aReddy, D Ranadheer
_eAuthor
_956915
700 _aReddy, K Upender
_eAuthor
_957002
700 _aSomeshwar, S
_957008
942 _2ddc
_cEN
_h511.1
_mPAT
999 _c198403
_d198403